| 000 | 00567nam a2200193 4500 | ||
|---|---|---|---|
| 001 | 85270) | ||
| 003 | BD-RjUL | ||
| 005 | 20250722113512.0 | ||
| 008 | 250722s1965 pk ||||| |||| 00| 0 urd d | ||
| 035 | _a(BD-RjUL)85270) | ||
| 040 |
_aBD-RjUL _beng _cBD-RjUL |
||
| 041 | _aeng/urd | ||
| 082 |
_223 _a423.91439 _bQAM 1965 |
||
| 245 |
_aقاموس الاصطلاحات ;; Qamusul istalahat / _cedited by shikh minhazuddin |
||
| 260 |
_aLahore : _bMagrebi Pakistan, _c1965 |
||
| 300 |
_a899 p. ; _c23 cm |
||
| 650 |
_aUrdu-English _vdictionaries _916171 |
||
| 942 |
_2ddc _cBK |
||
| 999 |
_c85270 _d85270 |
||